000 00899nam a2200229Ia 4500
003 GCL
008 140319s9999 xx 000 0 ara d
020 _a5351208977
040 _aGCL /
_cGCL
082 0 4 _a962.4
_bت س
100 1 _aتمام البرازى
245 1 0 _aالسودان :
_bبين اقامة الدولة الاسلامية والحروب المستمرة /
_cتمام البرازى
250 _aالاولى
260 _aالقاهرة :
_bمكتبة مدبولى ،
_c2002
300 _a303 ص ؛
_c24 سم
650 0 4 _aالسودان
650 0 4 _aالحروب الاهلية
650 0 4 _aالسودان - الاحوال السياسية
650 0 4 _aالخرطوم - تاريخ - العصرالحديث - جعفرنميرى
650 0 4 _aالسودان - العلاقات الخارجية - الولايات المتحدة الامريكية
942 _2ddc
_cBK
999 _c5378
_d5378